[Event "New Zealand Junior Chp"]
[Site "Waitakere"]
[Date "2012.07.06"]
[Round "7.13"]
[White "Zhang, Jasmine"]
[Black "Yan, Sarah"]
[Result "1-0"]
[WhiteElo "1010"]
[BlackElo "1075"]
[PlyCount "175"]
[EventDate "2012.07.06"]
[EventType "swiss"]
[EventRounds "7"]
[EventCountry "NZL"]
[SourceDate "2012.09.09"]

1. e4 e6 2. d4 d5 3. e5 c5 4. c3 Nc6 5. Nf3 Qb6 6. Be2 Bd7 7. Na3 a6 8. Nc2
O-O-O 9. Rb1 f6 10. exf6 Nxf6 11. Bf4 cxd4 12. cxd4 Qa5+ 13. Qd2 Qxa2 14. O-O
Qb3 15. Qc3 Qxc3 16. bxc3 h6 17. h3 Nh5 18. Bh2 g5 19. Ne5 Nxe5 20. Bxe5 Ng7
21. Rb2 Bc6 22. Nb4 Bxb4 23. Rxb4 Rhg8 24. Rfb1 Nf5 25. Rb6 Kd7 26. c4 Rge8 27.
c5 Rf8 28. R1b3 a5 29. Ra3 Ra8 30. Bb5 Rfc8 31. Bxc6+ bxc6 32. Rb7+ Ke8 33. Kf1
Rd8 34. Ke2 Rd7 35. Rb6 a4 36. Rxc6 Ke7 37. Kd3 Rda7 38. Rc7+ Rxc7 39. Bxc7 Kd7
40. Be5 Kc6 41. g3 Kb5 42. Kc3 Ra7 43. Ra2 Ra8 44. Rb2+ Kc6 45. Rb6+ Kd7 46.
Kb2 a3+ 47. Ka2 Ra4 48. c6+ Ke7 49. Rb7+ Kd8 50. c7+ Kd7 51. Rb8 Ne7 52. Rd8+
Kc6 53. c8=Q+ Nxc8 54. Rxc8+ Kb5 55. Rb8+ Ka5 56. Rb3 h5 57. Rxa3 Rxa3+ 58.
Kxa3 Kb5 59. Kb3 Kc6 60. Kc3 Kd7 61. Kd3 Ke7 62. Ke3 Kf7 63. Kf3 Kg6 64. g4 h4
65. Ke3 Kf7 66. f4 Kg6 67. Kf3 gxf4 68. Kxf4 Kf7 69. Kg5 Kg8 70. Kxh4 Kh7 71.
g5 Kg6 72. Kg4 Kh7 73. h4 Kg6 74. h5+ Kh7 75. Kh4 Kg8 76. h6 Kh7 77. Kh5 Kg8
78. g6 Kf8 79. h7 Ke7 80. h8=Q Kd7 81. Qg7+ Kc6 82. Qc7+ Kb5 83. Qc5+ Ka4 84.
Qb6 Ka3 85. Bd6+ Ka2 86. g7 Ka1 87. g8=R Ka2 88. Ra8# 1-0

[Event "New Zealand Junior Chp"]
[Site "Waitakere"]
[Date "2012.07.06"]
[Round "7.14"]
[White "White, Luke"]
[Black "Yu, Johnson"]
[Result "1-0"]
[WhiteElo "1454"]
[BlackElo "1297"]
[PlyCount "99"]
[EventDate "2012.07.06"]
[EventType "swiss"]
[EventRounds "7"]
[EventCountry "NZL"]
[SourceDate "2012.09.09"]

1. e4 c5 2. Nf3 d6 3. d4 cxd4 4. Nxd4 Nf6 5. Nc3 g6 6. Bd3 Bg7 7. Be3 O-O 8.
Qd2 Re8 9. O-O-O Nc6 10. Nb3 Bd7 11. f3 a6 12. a4 Qc7 13. g4 Ne5 14. Be2 Nc4
15. Bxc4 Qxc4 16. Qd4 Rec8 17. Qxc4 Rxc4 18. Rd4 Rxd4 19. Nxd4 e6 20. Nde2 d5
21. g5 Ne8 22. exd5 Bxc3 23. Nxc3 b5 24. b3 Rb8 25. axb5 axb5 26. dxe6 Bxe6 27.
b4 f6 28. h4 f5 29. f4 Nc7 30. Ne2 Nd5 31. Bc5 Kf7 32. Kd2 Nc7 33. Ra1 Rb7 34.
Ra7 Rxa7 35. Bxa7 Ke8 36. c3 Kd7 37. Bc5 Na6 38. Ke3 Bc4 39. Ng3 Nxc5 40. bxc5
Kc6 41. Kd4 Bf7 42. Nf1 Bc4 43. Nd2 Bf7 44. c4 bxc4 45. Nxc4 Bxc4 46. Kxc4 Kc7
47. Kd5 Kd7 48. c6+ Kc7 49. Kc5 Kc8 50. Kd6 1-0

[Event "New Zealand Junior Chp"]
[Site "Waitakere"]
[Date "2012.07.06"]
[Round "7.15"]
[White "Wei, Louie"]
[Black "Jin, Sophia"]
[Result "1-0"]
[WhiteElo "583"]
[BlackElo "977"]
[PlyCount "75"]
[EventDate "2012.07.06"]
[EventType "swiss"]
[EventRounds "7"]
[EventCountry "NZL"]
[SourceDate "2012.09.09"]

1. e4 e5 2. Nf3 Nc6 3. Bc4 Bc5 4. d3 h6 5. O-O Nf6 6. Nc3 d6 7. h3 O-O 8. Nd5
Nxd5 9. Bxd5 Be6 10. Bxc6 bxc6 11. b3 Rb8 12. Re1 Bb4 13. Bd2 c5 14. c3 Ba5 15.
c4 Bxd2 16. Qxd2 f5 17. Qe3 f4 18. Qe2 Qf6 19. Kh2 Qf7 20. Nh4 g5 21. Nf3 Qg6
22. g4 h5 23. gxh5 Qxh5 24. Nxg5 Qxg5 25. Rg1 Qxg1+ 26. Rxg1+ Kf7 27. Qh5+ Ke7
28. Rg7+ Bf7 29. Qg5+ Ke8 30. h4 Rh8 31. Qf5 Rf8 32. h5 Rd8 33. h6 Rd7 34. h7
Rh8 35. Rxf7 Rxf7 36. Qc8+ Ke7 37. Qxh8 Rf8 38. Qxf8+ 1-0

[Event "New Zealand Junior Chp"]
[Site "Waitakere"]
[Date "2012.07.06"]
[Round "7.17"]
[White "Qin, Nicole Shu Yu"]
[Black "Wen, Victor"]
[Result "0-1"]
[WhiteElo "1013"]
[BlackElo "418"]
[PlyCount "110"]
[EventDate "2012.07.06"]
[EventType "swiss"]
[EventRounds "7"]
[EventCountry "NZL"]
[SourceDate "2012.09.09"]

1. e4 c5 2. Nf3 d6 3. d4 Nc6 4. dxc5 dxc5 5. Qxd8+ Nxd8 6. Bb5+ Nc6 7. Ne5 a6
8. Bxc6+ bxc6 9. Nxc6 Bb7 10. Na5 Bxe4 11. O-O Bxc2 12. Be3 e6 13. Rc1 Bxb1 14.
Raxb1 Rc8 15. Nb7 Nf6 16. Bxc5 Bxc5 17. Nxc5 O-O 18. Nxa6 Rxc1+ 19. Rxc1 h6 20.
h3 Nd5 21. Nc7 Rc8 22. a4 Rxc7 23. Rxc7 Nxc7 24. a5 Kf8 25. Kf1 Ke7 26. Ke2 Kd6
27. Kd3 Kc5 28. Kc3 Kb5 29. b4 Nd5+ 30. Kb3 Nxb4 31. Kc3 Nd5+ 32. Kd4 f6 33.
Ke4 Kxa5 34. g4 g5 35. Kf3 Kb4 36. Kg3 Kc4 37. f3 Kd4 38. Kg2 Ke3 39. Kg3 f5
40. Kg2 fxg4 41. hxg4 Ke2 42. Kg3 e5 43. Kg2 Ne3+ 44. Kg3 Nf1+ 45. Kg2 Nd2 46.
Kg3 Nxf3 47. Kh3 Nh4 48. Kg3 e4 49. Kh3 Kf2 50. Kh2 e3 51. Kh3 e2 52. Kh2 Kf3
53. Kh3 e1=Q 54. Kh2 Qg3+ 55. Kh1 Qg2# 0-1

[Event "New Zealand Junior Chp"]
[Site "Waitakere"]
[Date "2012.07.06"]
[Round "7.18"]
[White "Hill, Raymon"]
[Black "Feng, Dahlia"]
[Result "1-0"]
[WhiteElo "725"]
[BlackElo "1022"]
[PlyCount "95"]
[EventDate "2012.07.06"]
[EventType "swiss"]
[EventRounds "7"]
[EventCountry "NZL"]
[SourceDate "2012.09.09"]

1. d4 d5 2. c4 c6 3. Nc3 Nf6 4. Bg5 g6 5. Bxf6 exf6 6. c5 Bg7 7. e3 O-O 8. b4
Bf5 9. Nce2 Na6 10. a3 Re8 11. Ng3 Bd7 12. Nf3 Bg4 13. Be2 Nc7 14. O-O b6 15.
Rb1 f5 16. h3 Bxf3 17. Bxf3 Nb5 18. Qb3 a5 19. Ra1 bxc5 20. bxc5 a4 21. Qb4 Qd7
22. Ne2 Reb8 23. Rfb1 Qc7 24. Qd2 Bf6 25. Nc3 Rb7 26. Nxb5 cxb5 27. Bxd5 Bd8
28. Bxb7 Qxb7 29. Ra2 Bc7 30. Rab2 Bb8 31. Rxb5 Qc7 32. g3 Ba7 33. Rb7 Qc6 34.
Qa5 Rb8 35. Rxb8+ Bxb8 36. Rxb8+ Kg7 37. Rb6 Qf3 38. Qxa4 Qe2 39. Rb1 Qd3 40.
Rf1 h5 41. h4 Qe2 42. Qd1 Qa6 43. a4 Kf8 44. Qc2 Ke7 45. c6 Kd8 46. c7+ Kc8 47.
Rb1 Qa5 48. Rb8+ 1-0

[Event "New Zealand Junior Chp"]
[Site "Waitakere"]
[Date "2012.07.06"]
[Round "7.19"]
[White "Hill, Anthony"]
[Black "Rains, Jessica"]
[Result "0-1"]
[WhiteElo "717"]
[BlackElo "1127"]
[PlyCount "40"]
[EventDate "2012.07.06"]
[EventType "swiss"]
[EventRounds "7"]
[EventCountry "NZL"]
[SourceDate "2012.09.09"]

1. d4 Nf6 2. Bg5 d5 3. Bxf6 exf6 4. Nf3 Bg4 5. Qd3 Bxf3 6. Qxf3 Nc6 7. Qe3+ Be7
8. Nc3 O-O 9. Qf3 Nxd4 10. O-O-O Nxf3 11. Rxd5 Qc8 12. exf3 c6 13. Rd1 Qc7 14.
Bc4 Qf4+ 15. Kb1 Qxc4 16. Rhe1 Rfd8 17. Rxe7 Rxd1+ 18. Nxd1 Qb4 19. Re4 Qd2 20.
Re3 Qxd1# 0-1

[Event "New Zealand Junior Chp"]
[Site "Waitakere"]
[Date "2012.07.06"]
[Round "7.20"]
[White "Wang, Tony"]
[Black "Fu, Alex"]
[Result "1-0"]
[WhiteElo "974"]
[BlackElo "737"]
[PlyCount "35"]
[EventDate "2012.07.06"]
[EventType "swiss"]
[EventRounds "7"]
[EventCountry "NZL"]
[SourceDate "2012.09.09"]

1. d4 e6 2. c4 d5 3. Nc3 Ne7 4. Bf4 c6 5. e3 Nf5 6. cxd5 cxd5 7. Bd3 g6 8. Nf3
Bb4 9. Qb3 Qe7 10. Bg5 Qd7 11. Qxb4 Nc6 12. Qa3 Nd6 13. Nb5 Nxb5 14. Bxb5 a6
15. Bxc6 bxc6 16. Ne5 Qc7 17. Nxc6 Bd7 18. Qe7# 1-0